1046 1209 1088 1237 1155 1996 1624 1801 1835 1935 1356 1535 1405 1872 1188 1747 1020 1336 1073 1749 1015 1079 1422 1599 1221 1320 1717 1867 1307 1588 1669 1732 1290 1798 1642 1591 1290 1296 1551 1970 1430 1350 1145 1269 1956 1950 1190 1313 1749 1844 1656 1047 1104 1659 1239 1428 1919 1816 1996 1517 1942 1576 1147 1613 1999 1286 1890 1601 1677 1650 1888 1585 1857 1870 1486 1804 1854 1559 1267 1898 1628 1921 1516 1512 1781 1108 1239 1475 1093 1948 1732 1006 1130 1587 1738 1664 1668 1883 1106 BCNSPRNW ULIB Ver.6.0+V

เปลี่ยนเป็นภาษาไทย

Change to English
 แสดงรายละเอียดบรรณานุกรม
  กลับหน้าหลัก

Brief Record : Get Marc (ISO 2709) : E-mail record : QR code < ปิดหน้าต่าง
LEADER : 00000nam 2200000uu 4500
001    13399112319
003     ULIB
008    110627s||||||||th 000 0 tha d
020    9786160603626
090    นว.^bJ111T มปป.
100 0  Just Nightmare
245 00 The Puzzle one...คดี(ไม่)ลับฉบับนางมาร/^cJust Nightmare
260    กรุงเทพฯ :^bแจ่มใส,^cมปป.
300    199 หน้า
710 1  แจ่มใส
945    ^p149^l0^i030403
995    ทศพร
999 ^a ใช้งานได้ทุกระบบ
รายการนี้ยังไม่มีแท็ก
คุณยังไม่ได้ล็อกอิน คุณสามารถมีกิจกรรมร่วมกับเว็บไซต์ได้ แต่ต้องล็อกอินก่อน ::
  ล็อกอิน

รายการสื่อสารสนเทศ

ลำดับที่ ประเภท เลขเรียก/บาร์โค้ด สถานที่ สถานะ
- ไม่พบข้อมูล -

BibComment


ยังไม่เคยถูกคอมเมนท์

คอมเมนท์ทรัพยากรรายการนี้
  คอมเมนท์: The Puzzle oneคดี..


 Copyright 2026. Bcnsprnw @Library